Oleta pyöreä tuoli : (Record no. 20836)

MARC details
000 -CABECERA
campo de control de longitud fija 01610nam a2200373 4500
003 - IDENTIFICADOR DEL NÚMERO DE CONTROL
campo de control OSt
005 - FECHA Y HORA DE LA ÚLTIMA TRANSACCIÓN
campo de control 20260601171019.0
008 - DATOS DE LONGITUD FIJA--INFORMACIÓN GENERAL
campo de control de longitud fija 260520b1966\\\\xxua||||\||||\00|\0\eng\d
020 ## - NÚMERO INTERNACIONAL ESTÁNDAR DEL LIBRO
Número Internacional Estándar del Libro 9519750983
040 ## - FUENTE DE LA CATALOGACIÓN
Centro catalogador/agencia de origen ICI
Lengua de catalogación spa
Centro/agencia transcriptor ICI
041 #1 - CÓDIGO DE LENGUA
Código de lengua del texto/banda sonora o título independiente eng
050 ## - SIGNATURA TOPOGRÁFICA DE LA BIBLIOTECA DEL CONGRESO
Número de clasificación NK2635.F53
Número de documento/Ítem A372 2003
100 #1 - ENTRADA PRINCIPAL--NOMBRE DE PERSONA
Nombre de persona Aarnio, Eero,
Fechas asociadas al nombre 1932-
Término indicativo de función/relación autor
9 (RLIN) 3534
245 #1 - MENCIÓN DE TÍTULO
Título Oleta pyöreä tuoli :
Resto del título Eero Aarnion 60-luku Assume a round chair : Eero Aarnio and the 60's /
Mención de responsabilidad, etc. kirjan toimitus/editorial work, Harri Kalha ; käännökset/translation, Silja Kudel, Tomi Snellman ; kuvat/photo credits, Maria Appelberg, Susanna Santala
246 #3 - FORMA VARIANTE DE TÍTULO
Título propio/Titulo breve Assume a round chair : Eero Aarnio and the 60's
246 #3 - FORMA VARIANTE DE TÍTULO
Título propio/Titulo breve Eero Aarnion 60-luku
246 #3 - FORMA VARIANTE DE TÍTULO
Título propio/Titulo breve Eero Aarnio and the 60'
250 ## - MENCIÓN DE EDICIÓN
Mención de edición Toinen painos
Resto de la mención de edición Second edition
264 ## - PRODUCCIÓN, PUBLICACIÓN, DISTRIBUCIÓN, FABRICACIÓN Y COPYRIGHT
Producción, publicación, distribución, fabricación y copyright Helsinki :
Nombre del de productor, editor, distribuidor, fabricante Helsingin Taidehalli = Kunsthalle Helsinki,
Fecha de producción, publicación, distribución, fabricación o copyright 2003
300 ## - DESCRIPCIÓN FÍSICA
Extensión 117 páginas :
Otras características físicas ilustraciones (principalmente a color), retratos
336 ## - TIPO DE CONTENIDO
Fuente rdacontent
Término de tipo de contenido texto
337 ## - TIPO DE MEDIO
Fuente rdamedia
Nombre/término del tipo de medio sin medio
338 ## - TIPO DE SOPORTE
Fuente rdacarrier
Nombre/término del tipo de soporte volumen
490 #0 - MENCIÓN DE SERIE
Mención de serie Taidehallin julkaisusarja,
Designación de volumen o secuencia nro. 1
500 ## - NOTA GENERAL
Nota general Publicado con motivo de una exposición realizada en el Helsinki Kunsthalle, del 12 de junio al 10 de agosto de 2003
600 #1 - PUNTO DE ACCESO ADICIONAL DE MATERIA--NOMBRE DE PERSONA
Nombre de persona Aarnio, Eero, 1932-
9 (RLIN) 3534
600 #1 - PUNTO DE ACCESO ADICIONAL DE MATERIA--NOMBRE DE PERSONA
Nombre de persona Aarnio, Eero, 1932-
Subdivisión general Crítica e interpretación
9 (RLIN) 34458
700 #1 - PUNTO DE ACCESO ADICIONAL--NOMBRE DE PERSONA
Nombre de persona Kalha, Harri,
Término indicativo de función/relación editor
9 (RLIN) 34459
700 #1 - PUNTO DE ACCESO ADICIONAL--NOMBRE DE PERSONA
Nombre de persona Kudel, Silja,
Término indicativo de función/relación traductor
9 (RLIN) 34460
700 #1 - PUNTO DE ACCESO ADICIONAL--NOMBRE DE PERSONA
Nombre de persona Snellman, Tomi,
Término indicativo de función/relación traductor
9 (RLIN) 34461
700 #1 - PUNTO DE ACCESO ADICIONAL--NOMBRE DE PERSONA
Nombre de persona Appelberg, Maria,
Término indicativo de función/relación ilustrador
9 (RLIN) 34462
700 #1 - PUNTO DE ACCESO ADICIONAL--NOMBRE DE PERSONA
Nombre de persona Santala, Susanna,
Término indicativo de función/relación ilustrador
9 (RLIN) 34463
942 ## - ELEMENTOS DE PUNTO DE ACCESO ADICIONAL (KOHA)
Fuente del sistema de clasificación o colocación Library of Congress Classification
Suprimir en OPAC 1
Tipo de ítem Koha Libros

No items available.